000 01091nam a2200277 a 4500
001 000013472
003 DO-SdBNP
005 20211129085413.0
008 091125s2004 dr ach r 001 0 spa d
020 _z999343219
040 _aDO-SdBNP
_bspa
_cBNPHU
082 4 _a792.02
_bE77g
_222
100 1 _aEspinal Estévez, Piero,
_d1947-
_930785
245 1 0 _aGrupo de teatro Chanajo :
_bel arte de las tablas es vida e idea y signo de nuestro trabajo /
_cPiero Espinal Estévez.
260 _aSanto Domingo :
_bLetra Gráfica,
_c2004.
300 _a99 p. :
_bil., facsíms., retrs. ;
_c28 cm.
500 _aIncluye datos biográficos del autor en la solapa de la cubierta
590 _aInventariado, 2018/BT
610 1 4 _aGrupo de Teatro Chanajo (República Dominicana)
_930786
650 4 _aTeatro
_xProducción y dirección
_930787
650 4 _aActuación teatral
_925438
650 4 _aActores y actrices de teatro
_930788
651 4 _aSan José de las Matas (República Dominicana)
_xVida social y costumbres
_91693
910 _aValidado. Control de calidad. EMS
942 _2ddc
_cLBS1
999 _c13096
_d13096